|
|
|
|
| LEADER |
01450nam a2200397 a 4500 |
| 001 |
000371295 |
| 003 |
CZ BrMZK |
| 005 |
20240315195422.0 |
| 007 |
ta |
| 008 |
030412s1998 xr a f |||| 0 cze d |
| 015 |
|
|
|a cnb000536643
|
| 020 |
|
|
|a 80-7184-645-7
|q (brož.) :
|c Kč 139,00
|
| 035 |
|
|
|a (OCoLC)40790536
|
| 040 |
|
|
|a ABA001
|b cze
|d BOA001
|
| 041 |
0 |
|
|a cze
|a ger
|a slo
|b eng
|b ger
|
| 045 |
|
|
|a x2x9
|
| 072 |
|
7 |
|a 37
|x Výchova a vzdělávání
|2 Konspekt
|9 22
|
| 080 |
|
|
|a 37
|
| 080 |
|
|
|a 929
|
| 100 |
1 |
|
|a Rýdl, Karel,
|d 1952-
|7 jn19990009976
|4 aut
|
| 245 |
1 |
0 |
|a Historia magistra vitae, vita magistra historiae :
|b sborník statí k 75. narozeninám Univ. Prof. Dr. Josefa Cacha /
|c [Karel Rýdl a kolektiv]
|
| 250 |
|
|
|a 1. vyd.
|
| 260 |
|
|
|a Praha :
|b Karolinum,
|c 1998
|
| 300 |
|
|
|a 213 s. :
|b il. ;
|c 21 cm
|
| 500 |
|
|
|a 300 výt.
|
| 504 |
|
|
|a Obsahuje bibliografii J. Cacha, prameny a bibliografické odkazy
|
| 546 |
|
|
|a Část. německý a slovenský text
|
| 546 |
|
|
|a Anglická a německá resumé
|
| 600 |
1 |
4 |
|a Cach, Josef,
|d 1923-
|
| 650 |
0 |
7 |
|a pedagogika
|7 ph115703
|2 czenas
|
| 655 |
|
7 |
|a sborníky
|7 fd163935
|2 czenas
|
| 910 |
|
|
|a BOA001
|b 2-1052.053
|b PK-0132.006
|
| 920 |
|
|
|a 000416084
|
| 990 |
|
|
|a BK
|
| 996 |
6 |
|
|b 2610081574
|c 2-1052.053
|l MZK
|r Sklad / do 1 hodiny
|n 2
|p p.v.
|w 000371295
|u 000010
|a 1
|e BOA001
|j MZK50
|s P
|
| 996 |
7 |
|
|b 3119016745
|c PK-0132.006
|l MZK
|r Sklad / do 1 hodiny
|n 1
|p kup
|w 000371295
|u 000020
|a 1
|e BOA001
|j MZK50
|s A
|